000 00316nam a2200133Ia 4500
008 191201s1995 xx 000 0 und d
100 _aSAUNDERS, Jan
245 0 _aWardrobe Quick Fixes
250 _a1st
260 _aN.Delhi
_bChilton Book Company
_c1995
300 _a162
650 _aB.Tech(TE)
942 _2ddc
_cBK
999 _c2613
_d2613